000 00201 a2200097 4500
001 17759
100 _aUnesco
245 _aNew trends om phy. teaching
260 _a
_bUnesco
_c
090 _c13128
_d13128
942 _aNUST-CAE
_cM
_c3479
999 _c252832
_d252832